[Event "IECG TE.2004.P.01604 email"]
[Site "IECG email"]
[Date "2004.09.22"]
[Round "?"]
[White "Amir, Jacob"]
[Black "Santanu, Lahiri"]
[Result "1-0"]
[WhiteElo "1311"]
[BlackElo "2136"]
[PlyCount "21"]
[EventDate "2004.09.22"]
[EventType "tourn (corr)"]
[EventRounds "8"]
[SourceTitle "Corr 2008"]
[Source "ChessBase"]
[SourceDate "2008.06.24"]
[SourceVersion "1"]
[SourceVersionDate "2008.06.24"]
[SourceQuality "1"]

1. e4 c6 2. d4 d5 3. e5 Bf5 4. Nc3 e6 5. g4 Bg6 6. a3 c5 7. h4 h5 8. Bg5 Qb6 9. Bb5+ Nc6 10. gxh5 Bxh5 11. Qd3 1-0

[Event "IECG TE.2004.P.01604 email"]
[Site "IECG email"]
[Date "2004.09.22"]
[Round "?"]
[White "Santanu, Lahiri"]
[Black "Amir, Jacob"]
[Result "0-1"]
[WhiteElo "2136"]
[BlackElo "1311"]
[PlyCount "26"]
[EventDate "2004.09.22"]
[EventType "tourn (corr)"]
[EventRounds "8"]
[SourceTitle "Corr 2008"]
[Source "ChessBase"]
[SourceDate "2008.06.24"]
[SourceVersion "1"]
[SourceVersionDate "2008.06.24"]
[SourceQuality "1"]

1. e4 c6 2. d4 d5 3. e5 Bf5 4. Nf3 e6 5. Be2 c5 6. Be3 Nd7 7. 0-0 Ne7 8. dxc5 Nc6 9. c4 dxc4 10. Na3 c3 11. Qb3 cxb2 12. Rad1 b1Q 13. Nxb1 Qc7 0-1

[Event "IECG TE.2004.P.01604 email"]
[Site "IECG email"]
[Date "2004.09.22"]
[Round "?"]
[White "Santanu, Lahiri"]
[Black "Ottenweller, Wolfgang"]
[Result "0-1"]
[WhiteElo "2136"]
[BlackElo "2007"]
[PlyCount "32"]
[EventDate "2004.09.22"]
[EventType "tourn (corr)"]
[EventRounds "8"]
[SourceTitle "Corr 2008"]
[Source "ChessBase"]
[SourceDate "2008.06.24"]
[SourceVersion "1"]
[SourceVersionDate "2008.06.24"]
[SourceQuality "1"]

1. e4 c6 2. d4 d5 3. e5 Bf5 4. Nc3 e6 5. g4 Bg6 6. Nge2 c5 7. h4 h6 8. Be3 Nc6 9. f4 cxd4 10. Nxd4 Bb4 11. f5 exf5 12. gxf5 Nxd4 13. fxg6 Bxc3+ 14. bxc3 Nf5 15. gxf7+ Kxf7 16. Bg2 Nxe3 0-1

[Event "IECG TE.2004.P.01604 email"]
[Site "IECG email"]
[Date "2004.09.22"]
[Round "?"]
[White "Santanu, Lahiri"]
[Black "Werbrouck, Jean Michel"]
[Result "1-0"]
[WhiteElo "2136"]
[BlackElo "1267"]
[PlyCount "27"]
[EventDate "2004.09.22"]
[EventType "tourn (corr)"]
[EventRounds "8"]
[SourceTitle "Corr 2008"]
[Source "ChessBase"]
[SourceDate "2008.06.24"]
[SourceVersion "1"]
[SourceVersionDate "2008.06.24"]
[SourceQuality "1"]

1. e4 c6 2. d4 d5 3. e5 Bf5 4. Nf3 e6 5. Be2 c5 6. Be3 Qb6 7. Nc3 Qxb2 8. Qb1 Qxb1+ 9. Rxb1 b6 10. dxc5 Bxc5 11. Bxc5 bxc5 12. Nb5 Kd7 13. Nd6 Nh6 14. Rb7+ 1-0

[Event "IECG CP.2003.P.00094 email"]
[Site "IECG email"]
[Date "2003.10.01"]
[Round "?"]
[White "Blom, Erik"]
[Black "Santanu, Lahiri"]
[Result "1-0"]
[WhiteElo "2140"]
[BlackElo "2136"]
[PlyCount "45"]
[EventDate "2003.10.01"]
[EventType "tourn (corr)"]
[EventRounds "6"]
[EventCountry "RUS"]
[SourceTitle "Corr 2008"]
[Source "ChessBase"]
[SourceDate "2008.06.24"]
[SourceVersion "1"]
[SourceVersionDate "2008.06.24"]
[SourceQuality "1"]

1. e4 e6 2. d4 d5 3. Nd2 Nf6 4. e5 Nfd7 5. f4 c5 6. c3 Nc6 7. Ndf3 cxd4 8. cxd4 Qb6 9. g3 Bb4+ 10. Kf2 g5 11. Bh3 h5 12. fxg5 Ndxe5 13. Nxe5 Nxe5 14. Kg2 Ng4 15. Bxg4 hxg4 16. Qxg4 e5 17. Qe2 Qxd4 18. Bf4 e4 19. Rd1 Qc4 20. Qxc4 dxc4 21. Rd4 b5 22. Rxe4+ Kf8 23. Re5 1-0

[Event "IECG QA.2003.0.00040 email"]
[Site "IECG email"]
[Date "2003.07.15"]
[Round "1"]
[White "Santanu, Lahiri"]
[Black "Gildred, Terrence L Nick"]
[Result "0-1"]
[WhiteElo "2136"]
[BlackElo "2000"]
[PlyCount "54"]
[EventDate "2003.07.15"]
[EventType "tourn (corr)"]
[EventRounds "6"]
[SourceTitle "Corr 2008"]
[Source "ChessBase"]
[SourceDate "2008.06.24"]
[SourceVersion "1"]
[SourceVersionDate "2008.06.24"]
[SourceQuality "1"]

1. d4 Nf6 2. c4 e6 3. Nc3 Bb4 4. Qc2 0-0 5. a3 Bxc3+ 6. Qxc3 b6 7. Bg5 Bb7 8. e3 d6 9. f3 Nbd7 10. Bd3 Rc8 11. Ne2 c5 12. Qb3 h6 13. Bh4 d5 14. cxd5 Bxd5 15. Qd1 cxd4 16. exd4 Bc4 17. 0-0 Bxd3 18. Qxd3 Ne5 19. Qb3 Ng6 20. Bg3 Qd5 21. Rfc1 Rfd8 22. Kf2 Ne7 23. Rxc8 Rxc8 24. Rc1 Rxc1 25. Nxc1 Nf5 26. Ne2 Kf8 27. Bb8 a6 0-1